Sudden Death: 500+ Career Goals Club - Statistics

General Stats
  • This quiz has been taken 24 times
  • The average score is 3 of 10
Answers on the Grid
Answers color-coded by a green-red scale on the quiz's grid according to % correct below.
Thierry Henry
Lionel Messi
Karim Benzema
Robert Lewandowski
Wayne Rooney
Luis Suarez
Samuel Eto'o
Cristiano Ronaldo
Zlatan Ibrahimovic
Ronaldo Nazario
Gerd Muller
Sergio Aguero
Pele
Harry Kane
Ferenc Puskas
Edinson Cavani
Romario
Mohamed Salah
Kylian Mbappe
Eusebio
 
Answer Stats
Answer % Correct
Lionel Messi
94%
Robert Lewandowski
61%
Cristiano Ronaldo
56%
Gerd Muller
22%
Pele
22%
Zlatan Ibrahimovic
22%
Ferenc Puskas
17%
Luis Suarez
17%
Romario
11%
Eusebio
6%
No matching quizzes found
Score Distribution
Percent of People with Each Score
Percentile by Number Answered
Your Score History
You have not taken this quiz